000 00519nam a2200193 a 4500
001 1761206691336
003 YourLibrary
005 20251023133621.0
008 251023s2002##################000#0#eng##
020 _a9780486420684
082 0 4 _a592.177365
_bVOS
100 1 _aVoss, Gilbert L.,
_eauthor.
245 1 0 _aSeashore Life of Florida and the Caribbean :
260 _bCourier Corporation,
_c2002.
300 _a220 pages
650 0 _aNature.
942 _cENGLISH
040 _aYourLibrary
_beng
_cYourLibrary
999 _c592891
_d592891